Catálogo
 En Linea

Vacunas e inmunización : (Registro nro. 36221)

Detalles MARC
000 -CABECERA
campo de control de longitud fija 00504nam a2200145 a 4500
001 - NÚMERO DE CONTROL
campo de control 000036730
005 - FECHA Y HORA DE LA ÚLTIMA TRANSACCIÓN
campo de control 20200930075912.0
008 - DATOS DE LONGITUD FIJA--INFORMACIÓN GENERAL
campo de control de longitud fija 120126s1997 sz c 000 0 spa d
040 ## - FUENTE DE LA CATALOGACIÓN
Centro catalogador/agencia de origen DO-SdBNP
Lengua de catalogación spa
Centro/agencia transcriptor BNPHU
082 ## - NÚMERO DE LA CLASIFICACIÓN DECIMAL DEWEY
Número de clasificación xxxx
Número de documento/Ítem V121v
245 00 - MENCIÓN DE TÍTULO
Título Vacunas e inmunización :
Resto del título situación mundial.
260 ## - PUBLICACIÓN, DISTRIBUCIÓN, ETC.
Lugar de publicación, distribución, etc. Ginebra :
Nombre del editor, distribuidor, etc. Organización Mundial de la Salud :
-- Fondo de las Naciones Unidas para la Infancia,
Fecha de publicación, distribución, etc. Sheila Davey
-- 1997.
300 ## - DESCRIPCIÓN FÍSICA
Extensión 173 p. :
Otras características físicas ils., retr. ;
Dimensiones 25 cm.
700 1# - PUNTO DE ACCESO ADICIONAL--NOMBRE DE PERSONA
Nombre de persona Davey, Sheila
9 (RLIN) 63041
Existencias
Estado de retiro Estado de pérdida Restricciones de uso No para préstamo Código de colección Localización permanente Ubicación/localización actual Ubicación en estantería Fecha de adquisición Número de inventario Total de préstamos Signatura topográfica completa Código de barras Fecha visto por última vez Precio válido a partir de Tipo de ítem Koha
        Monografías: Libros y Folletos General General Orden iniciada 26.01.2012 LF1   xxxx V121v 36730-10 25.06.2020 25.06.2020 No se presta

Con tecnología Koha